Zdroje a premeny českej medzivojnovej drámy

Bibliographic Details
Main Author: Kusá, Mária, 1957- (Author)
Format: Article
Language:Slovak
Subjects:

MARC

LEADER 00000nab a2200000 a 4500
001 vtls000401419
003 SK-MaSNL
005 20260305001733.0
008 230302c1990 xo 0 slo
015 |a SNBRB19rr/mm-uuuuu 
035 |a CL0401543 
035 |a urn:nbn:sk:snk-abenm2 
035 |a (urnnbn)urn:nbn:sk:snk:ar-0007yk 
035 |a (uuid)5e388912-f525-4077-95aa-b1fca29b63c8 
040 |a SNKBUCL  |b slo  |c SNKBUCL  |e AACR2 
041 0 |a slo 
044 |a xo  |c SK 
080 |a 82.0:801.6(048)  |2 1981 
080 |a 801.6(048)  |2 1981 
080 |a 82(091)  |2 1981 
080 |a 885.0-2"19"(048)  |2 1981 
080 |a 885.0-2(091)"19"(048)  |2 1981 
080 |a 82.033  |2 1981 
080 |a 885.0-2(048)  |2 1981 
080 |a 885.0-2.033(048)  |2 1981 
080 |a 792  |2 1981 
100 1 |a Kusá, Mária,  |d 1957-  |4 aut  |9 110292 
245 1 0 |a Zdroje a premeny českej medzivojnovej drámy  |c Mária Kusá 
500 |a V rubrike Recenzie. 
650 0 7 |a česká dráma  |2 snkbucl  |9 261110 
650 0 7 |a monografie  |2 snkbucl  |9 256509 
655 7 |a recenzie  |2 snkbucl  |9 21907 
655 7 |a články z odboru literárna veda a krásna literatúra  |2 snkbucl  |9 770045 
655 7 |a články z novín a časopisov  |2 snkbucl  |9 267496 
773 0 |t Slovenské pohľady  |g Roč. 106, č. 11 (1990), s. 143-145 
787 0 8 |i Rec.:  |a Janoušek, Pavel  |t Rozměry dramatu. Autorský subjekt a vývojové proměny poetiky českého meziválečného dramatu  |d Praha : Panorama, 1989 
850 |a Slovenská národná knižnica v Martine  |a MTA001 
852 |a SNK  |b KIS3GCP 
958 |a RK 
958 |a CZ 
958 |a LX 
958 |a OND 
958 |a EUIPO 
958 |a article27 
992 |a RBX 
999 |c 3221007  |d 3222937